KOHA-Header-6

Thrive In Biochemistry & Molecular Biology (Record no. 1101)

000 -LEADER
fixed length control field 00311nam a2200121Ia 4500
008 - FIXED-LENGTH DATA ELEMENTS--GENERAL INFORMATION
fixed length control field 190722s9999 xx 000 0 und d
020 ## - INTERNATIONAL STANDARD BOOK NUMBER
International Standard Book Number 978-0-19-964548-0
100 ## - MAIN ENTRY--PERSONAL NAME
Personal name David A.Harris
245 #0 - TITLE STATEMENT
Title Thrive In Biochemistry & Molecular Biology
260 ## - PUBLICATION, DISTRIBUTION, ETC. (IMPRINT)
Place of publication, distribution, etc Kingdom
Name of publisher, distributor, etc Oxford
Date of publication, distribution, etc 2012
300 ## - PHYSICAL DESCRIPTION
Extent 290
942 ## - ADDED ENTRY ELEMENTS (KOHA)
Koha item type Books
Holdings
Withdrawn status Lost status Source of classification or shelving scheme Damaged status Not for loan Collection code Permanent Location Current Location Shelving location Date acquired Total Checkouts Total Renewals Full call number Barcode Date last seen Date checked out Price effective from Koha item type
          Bio Sciences MAJU MAJU Shelf No.A36 2019-07-22 2 2 572 7726 2022-04-14 2022-04-12 2019-07-22 Bio Science

Powered by Koha